000 00291nam a22001337a 4500
008 180104b xxu||||| |||| 00| 0 eng d
020 _a9780078803109
041 _aeng
080 _a371
100 _a46
101 _aEDU
245 _aExploring Our World
_cHunkins, B.A
942 _2udc
_cBK
999 _c39686
_d39686